| 000 | 00539nam a22001817a 4500 | ||
|---|---|---|---|
| 999 |
_c25 _d25 |
||
| 008 | 181018b xxu||||| |||| 00| 0 eng d | ||
| 017 | _alf80020103001887 | ||
| 020 | _a978-980-7053-01-3 | ||
| 040 |
_aFEVP _cFEVP |
||
| 041 |
_aEspañol _hEspañol |
||
| 092 |
_a346.870134 _bV297 |
||
| 100 | _aVargas, Iraida | ||
| 245 | _aMujeres en tiempos de cambio | ||
| 260 |
_bArchivo General de la Nación; Centro Nacional de Historia _c2010 _eCaracas _fEditorial Arte |
||
| 300 | _a183 p | ||
| 500 | _aColección Bicentenario N° 6 | ||
| 942 |
_2ddc _cLIB |
||